| 000 | 00941nam0a22002411 4500 | ||
|---|---|---|---|
| 001 | rc\4330 | ||
| 005 | 20250620111700.0 | ||
| 035 | _a(NLR Aleph) 005294520 | ||
| 090 |
_a6224874 _c6224874 |
||
| 100 | _a20021204d1996 |||y0rusy50 ca | ||
| 101 | 0 | _arus | |
| 102 | _aRU | ||
| 105 | _aa ||||||||| | ||
| 200 | 1 |
_aМетодические указания для учителей 8-х классов по курсу "Экономическая культура" _fПроф. В.Г. Засканов _gГл. упр. образования Администрации Сам. обл. |
|
| 210 |
_aСамара _cСам. дом печати _d1996 |
||
| 215 |
_a32 с. _cил. _d21 |
||
| 700 | 1 |
_aЗасканов _bВ. Г. _cд-р техн. наук _gВиктор Гаврилович _9152054 _3RU\NLR\AUTH\770152092 |
|
| 801 | 0 |
_aRU _bNLR _gpsbo |
|
| 801 | 1 |
_aRU _bELAR _2rusmarc |
|
| 852 |
_aNLR _j96-6/1428 |
||
| 942 | _cBOOK | ||
| 980 | _aNB | ||